Jet Set Radio Future Locations - Statistics

General Stats
  • This quiz has been taken 10 times
    9 since last reset
  • The average score is 8 of 14
Answer Stats
Answer % Correct
Rapid 99 99th Street
100%
Poison Jam 1 Shibuya Terminal
100%
Poison Jam 2 Chuo Street
83%
Beat Unlock Dogenzaka Hill
83%
Immortals "1" Skyscraper District and Pharoh Park
67%
Poison Jam 4 Bottom Point of the Tokyo Sewage Facility
50%
Poison Jam 3 Rokkaku-Dai Heights
50%
Train The Site of Tokyo Line
50%
Switches Tokyo Underground Sewage Facility
50%
Experimental Weapon 2 Future Site of the Rokkaku Expo Stadium
33%
Immortals 2 Highway Zero
33%
Experimental Weapon 1 Hikage Street
33%
Noise Tanks 1 Sky Dinosaurian Square
33%
Bomb Defusal The Fortified Residential Zone
33%
No matching quizzes found
Score Distribution
Percent of People with Each Score
Percentile by Number Answered
Your Score History
You have not taken this quiz since the last reset